Pursuit and promotion of science : (Record no. 179143)
[ view plain ]
| 000 -LEADER | |
|---|---|
| fixed length control field | 00557nam a22001697a 4500 |
| 005 - DATE AND TIME OF LATEST TRANSACTION | |
| control field | 20210524153502.0 |
| 010 ## - LCCN (DPL NO) | |
| LC control number | B-739931 |
| 035 ## - SYSTEM CONTROL NUMBER | |
| System control number | B-739931 |
| 037 ## - SOURCE OF ACQUISITION | |
| Source of stock number/acquisition | Gift |
| 082 ## - DEWEY DECIMAL CLASSIFICATION NUMBER | |
| Classification number | 500 |
| 245 ## - TITLE STATEMENT | |
| Title | Pursuit and promotion of science : |
| Remainder of title | the Indian experience |
| 260 ## - PUBLICATION, DISTRIBUTION, ETC. (IMPRINT) | |
| Place of publication, distribution, etc | New Delhi |
| Name of publisher, distributor, etc | Indian National Science Academy |
| Date of publication, distribution, etc | 2001 |
| 270 ## - ADDRESS | |
| Address | Bahadur Shah Zafar Marg |
| City | New Delhi |
| Postal code | 110001 |
| 300 ## - PHYSICAL DESCRIPTION | |
| Extent | 399p.: |
| Other physical details | ill. |
| Dimensions | 28cm(Hb) |
| 942 ## - ADDED ENTRY ELEMENTS (KOHA) | |
| Source of classification or shelving scheme | Dewey Decimal Classification |
| Item type | English Books |
| Classification part | 500 |
| Call number suffix | PUR |
| Withdrawn status | Lost status | Not for loan | Collection code | Home library | Current library | Date acquired | Source of acquisition | Full call number | Barcode | Copy number | Koha item type | Public note |
|---|---|---|---|---|---|---|---|---|---|---|---|---|
| Non-fiction | Ashok Vihar | Ashok Vihar | 24/05/2021 | Gift/Eng/03-05-2021 | 500 PUR | B-739931 | 1 | English Books | Gift |
